|
|
|
|
| LEADER |
01652nam a2200409 a 4500 |
| 001 |
000430610 |
| 003 |
CZ BrMZK |
| 005 |
20201218201328.0 |
| 007 |
ta |
| 008 |
010907s1999 xr e c 0 cze d |
| 015 |
|
|
|a cnb000739539
|
| 020 |
|
|
|a 80-85057-63-8
|
| 035 |
|
|
|a (OCoLC)43258911
|
| 040 |
|
|
|a BOA001
|b cze
|
| 043 |
|
|
|a e-xr---
|
| 045 |
|
|
|a x-x-
|
| 072 |
|
7 |
|a 75
|x Malířství
|2 Konspekt
|9 21
|
| 080 |
|
|
|a 75(437.3)
|2 MRF
|
| 080 |
|
|
|a 75.036/.038
|2 MRF
|
| 080 |
|
|
|a (437.3)
|2 MRF
|
| 080 |
|
|
|a (083.824)
|2 MRF
|
| 100 |
1 |
|
|a Bubák, Milan,
|d 1924-1990
|7 jn20000620036
|4 hnr
|
| 245 |
1 |
0 |
|a Milan Bubák :
|b krajiny : [katalog výstavy] : Státní galerie výtvarného umění v Náchodě, 23.dubna - 20.června 1999 /
|c [text Vlastimil Havlík].
|
| 260 |
|
|
|a Náchod :
|b Státní galerie výtvarného umění,
|c 1999
|
| 300 |
|
|
|a 19 s. :
|b barev. il. ;
|c 21 cm
|
| 500 |
|
|
|a Dostupné též v digitální podobě v aplikaci Kramerius
|
| 600 |
1 |
7 |
|a Bubák, Milan,
|d 1924-1990
|7 jn20000620036
|
| 648 |
|
7 |
|a 20. století
|7 ch460558
|
| 650 |
0 |
7 |
|a české malířství
|7 ph116864
|z 20. století
|2 czenas
|
| 650 |
0 |
7 |
|a moderní malířství
|7 ph122940
|z Česko
|2 czenas
|
| 655 |
|
7 |
|a katalogy výstav
|7 fd132536
|2 czenas
|
| 700 |
1 |
|
|a Havlík, Vlastimil,
|d 1956-
|7 mzk2006368126
|4 wfw
|
| 710 |
2 |
|
|a Státní galerie výtvarného umění (Náchod, Česko)
|7 ko2003207923
|
| 856 |
4 |
1 |
|u http://www.digitalniknihovna.cz/mzk/uuid/uuid:a29d1680-6cc1-11e5-9e57-005056827e52
|y Digitalizovaný dokument
|x NDK
|
| 910 |
|
|
|a BOA001
|b 2-1061.787
|
| 990 |
|
|
|a BK
|
| 996 |
6 |
|
|b 2610096839
|c 2-1061.787
|l MZK
|r Sklad / do 1 hodiny
|n 3
|p p.v.
|w 000430610
|u 000010
|a 1
|e BOA001
|j MZK50
|s P
|